Essays on Jesus / (Record no. 15836)

MARC details
000 -LEADER
fixed length control field 00934cam a2200241 a 4500
001 - CONTROL NUMBER
control field ca 24000703
003 - CONTROL NUMBER IDENTIFIER
control field DLC
005 - DATE AND TIME OF LATEST TRANSACTION
control field 20260227111113.0
008 - FIXED-LENGTH DATA ELEMENTS--GENERAL INFORMATION
fixed length control field 840306s1924 ksu 000 0 eng
010 ## - LIBRARY OF CONGRESS CONTROL NUMBER
LC control number ca 24000703
040 ## - CATALOGING SOURCE
Original cataloging agency DLC
Transcribing agency DLC
Modifying agency DLC
050 00 - LIBRARY OF CONGRESS CALL NUMBER
Classification number BT309
Item number .H33
051 ## - LIBRARY OF CONGRESS COPY, ISSUE, OFFPRINT STATEMENT
Classification number AC1
Item number .L8 no. 532
100 1# - MAIN ENTRY--PERSONAL NAME
Personal name Harvey, Alexander,
Dates associated with a name 1868-1949.
245 10 - TITLE STATEMENT
Title Essays on Jesus /
Statement of responsibility, etc. Alexander Harvey.
260 ## - PUBLICATION, DISTRIBUTION, ETC.
Place of publication, distribution, etc. Girard, Kan. :
Name of publisher, distributor, etc. Haldeman-Julius Co.,
Date of publication, distribution, etc. c1924.
300 ## - PHYSICAL DESCRIPTION
Extent 64 p. ;
Dimensions 13 cm.
440 #0 - SERIES STATEMENT/ADDED ENTRY--TITLE
Title Little blue book ;
Volume/sequential designation no. 532
505 0# - FORMATTED CONTENTS NOTE
Formatted contents note The mystery of the yellow streak -- Martha, the intellectual -- The masculinity of Peter -- The woman in the Baptist's case -- The Napoleonic conception of Jesus -- The swine and the devils -- The clown of the crucifixion.
500 ## - GENERAL NOTE
General note Publisher's advertisements on p. 61-64 and p. [4] of cover.
600 00 - SUBJECT ADDED ENTRY--PERSONAL NAME
Personal name Jesus Christ.
600 00 - SUBJECT ADDED ENTRY--PERSONAL NAME
Personal name Jesus Christ
General subdivision Friends and associates.

No items available.

Powered by Koha